Quizzes
Events
Quiz Creation
Community
Videos
Private Events
Remove Ads
Sign In
Join for FREE
Feedback
Dark Mode
Quiz Categories
Sports
Geography
Music
Movies
Television
Just For Fun
Miscellaneous
History
Literature
Language
Science
Gaming
Entertainment
Religion
Holiday
For Kids
Quiz Lab
Recent
Popular Today
Quiz Kudos Today
Editor Picks
Curator Picks
Quizzes by...
Day
Popularity
Type
Ratings
Length
Year
Community
Subscriptions
Recent Discussions
Orange Saloon
Badges
Playlists
Quests
Create
Leaderboards
Showdown
Live 5
Trivia Bingo
Activity
Puzzle Library
Sporcle Events
Private Events
Virtual Trivia
Globe League
Become a Host
Pub Owners
SporcleCon
Opinionation
Our Games
Videos
Blog
Mobile Apps
Partnerships
Remove Ads and Go Orange
Feedback
Entertainment
Celebrity
Famous
Musical
Broadway
Show
Quote
Comic Books
Anime
Superhero
DC Comics
Marvel
Cartoons
Animation
Entertainment
Celebrity
Famous
Musical
Broadway
Show
Quote
Comic Books
Anime
Superhero
DC Comics
Marvel
Cartoons
Animation
Random Quiz
Search Sporcle
×
Quiz Lab
Quiz Lab
Entertainment
catch
Type in answers that appear in a list
Type in answers that appear in a list
Classic
Best Score? Go Orange.
Miranda Catch Phrases Stats
Can you name the Miranda Catch Phrases?
By
rutholly
6m
15 Questions
1,138 Plays
1,138 Plays
1,138 Plays
Comments
Comments
Give Quiz Kudos
Give Quiz Kudos
-
- Ratings
hide this ad
Replay
Link that replays current quiz
Next Quiz
Link to next quiz in quiz playlist
You Got
0%
They Got
Avg Score
22%
Avg Friend Score
Upgrade to see
Score Distribution
Jump to the score distribution portion of the page
Score
0/15
Timer
06:00
0
Plays Today
Name of Character
Catch Phrase
% Correct
Penny
such fun
86.7%
Tilly
bear with
72.3%
Stevie
what have you done today to make you feel proud
57.2%
Penny
what i call
55.8%
Miranda
rude
16.2%
Stevie
allure
14.1%
Stevie
are we
12%
Tilly
brillo pads
6.4%
Name of Character
Catch Phrase
% Correct
Miranda
plinth
5.3%
Dreamboat Charlie
top totty
5%
Stevie
thank you caller
3.3%
Tilly
tremendulent
2.7%
Miranda
as i shuffle to the shuffle
2.5%
Tilly
slackeronicheese
2.2%
Penny
hooray for miranda
1.8%
Quiz Playlist
Details
Report
Send in Message
Add To Playlist
Classic:
Type in answers that appear in a list
Last Updated: Feb 16, 2017
Quiz Scoreboard
CHALLENGE
Sign Up to Join the Scoreboard
Show All
Scores
Hide
Comments
May contain spoilers
Recently Published
Alphabetical 'K' Countries by Flag Minefield
by ylime102
Geography
3m
Pick 6: Fruits
by JohnFran
Miscellaneous
15s
Click the 1999 NBA Draft
by nibperrychub
Sports
2m
More to Explore
Quiz From the Vault
Featured Blog Post
15 Basketball Trivia Facts You Can Be March Mad About
hide this ad
You Might Also Like...
Tags
catch
Character
miranda
phrase
Stevie
Today's Top Quizzes in Entertainment
Browse Entertainment
hide this ad
Today's Top Quizzes in catch
Browse catch
Top Contributed Quizzes in Entertainment
1
Stray Kids members (picture click)
2
Marvel, Role-Playing, Shakespeare, and Cats, Oh My!
3
BFDI Characters Mentioned in Episode Titles
4
Thanos Snap Logic Puzzle
5
Comic Character by Cover Artist Pt 490 (Billy Tan)
6
Marvel Picture Find: Capcom
7
Comic Character by Cover Artist Pt 491 (Billy Tan)
8
Double Word Hourglass: Comic Book Publishers
9
JoJo's Bizarre Logic Quiz
10
Spider-Man Actors by Order
Explore More
Trending Topics
Harry Potter
Marvel
Anime
Kpop
Disney
NBA
Crossword
Pokémon
NFL
Country
The Office
Soccer
Puzzle
Song
WWE
hide this ad
More By:
rutholly
Quiz
Plays
Rating
Category
Featured
Created
Miranda Catch Phrases
1,138
1.17
Entertainment
Nov 29, 2011
Go to Creator's Profile
Score Distribution
Quiz Creator Spotlight
rutholly
Follow
Send a Message
Quizzes Created
-
Created Quiz Play Count
-
More By This Creator
Popular Quizzes Today
1
Find the US States - No Outlines Minefield
2
Countries of Asia Without Outlines Minefield
3
Pick 6: Fruits
4
Alphabetical 'K' Countries by Flag Minefield
5
The Countries of the World
6
Click the 1999 NBA Draft
7
Find the US States
8
Match the Book to the Film X
More Entertainment Quizzes
The First Ten... Lloyd Webber Musicals
Curator's Pick
Trending Quizzes
Pick 6: Harry Potter
Pick 6: Golfers
Pick 6: Movie Franchises
Pick 6: Foods
Pick 6: Landmarks
Recently Updated
Women's Final Four Teams by Year
bhenderson79
Presidents Quartet II
eogle
Anything But Clue(do)
eogle
Anything But Oceanian Capitals
eogle
Anything But 7
eogle
Anything But Thing
eogle
Word Ladder: February 29
pecheneg
Song Title Questions
pecheneg
Women's NCAA Tournament #1 Seeds
pecheneg
Celebrity Mug Shots
pecheneg
Trending Topics
Harry Potter
NBA
Disney
Marvel
Kpop
Anime
Crossword
Soccer
Country
Song
NFL
The Office
Pokémon
WWE
Puzzle
Your Account Isn't Verified!
In order to create a playlist on Sporcle, you need to verify the email address you used during registration. Go to your
Sporcle Settings
to finish the process.
Report this User
Report this user for behavior that violates our
Community Guidelines
.
Details:
Send Report
Go to the Sporcle.com Mobile Site →
Comments